Statistiques concernant Les plus grandes villes du monde

Cliquez ici pour prendre le quiz!

Statistiques générales

  • Ce quiz a été pris 126 fois
  • Le résultat moyen est 34 sur 85

Statistiques - réponses

Population Ville % Correct
9 071 577Tokyo
98%
8 405 215New York
96%
8 416 535Londres
95%
21 152 269Pékin
93%
8 874 724Mexico
90%
3 976 512Los Angeles
90%
12 111 194Moscou
89%
16 784 987Delhi
82%
11 922 998Le Caire
81%
3 671 133Berlin
81%
23 654 123Shanghai
80%
3 207 240Madrid
78%
6 429 984Rio de Janeiro
76%
3 054 521Buenos Aires
74%
4 353 685Rome
74%
10 988 329Jakarta
72%
9 888 055Séoul
72%
11 821 823São Paulo
72%
14 160 470Istanbul
71%
12 448 697Mumbai
70%
4 676 118Sydney
68%
5 131 967Saint-Pétersbourg
67%
2 280 364Bangkok
64%
7 776 789Alger
60%
8 693 387 Lima
60%
4 949 521Johannesbourg
59%
7 219 720Hong Kong
58%
21 120 050Lagos
58%
3 740 695Le Cap
58%
4 469 513Calcutta
57%
8 154 051Téhéran
55%
5 399 875Singapour
54%
5 743 719Santiago
53%
10 235 042Kinshasa
52%
6 844 100Hanoï
51%
12 043 689Dacca
50%
7 180 889Bagdad
48%
16 051 214Karachi
45%
3 103 512Addis Abeba
44%
4 616 625Alexandrie
42%
4 470 524Ankara
40%
3 359 818Casablanca
40%
5 676 621Riyad
38%
3 189 512Nairobi
37%
3 954 621Taipei
36%
4 765 000Abidjan
31%
7 638 125Hô-Chi-Minh-Ville
31%
3 255 888Pyongyang
30%
10 467 400Shenzhen
28%
5 278 800Luanda
27%
8 425 970 Bangalore
26%
5 257 621Dar es Salam
26%
3 414 100Kaboul
25%
11 318 745Lahore
25%
12 751 698Guangzhou
23%
4 681 087Chennai
20%
6 223 145Xi'an
17%
9 341 844 Tianjin
16%
32 854 631Chongqing
15%
3 442 361Durban
14%
3 531 397Xiamen
12%
4 741 929 Chengdu
11%
3 590 249Busan
11%
6 809 970Hyderabad
11%
3 767 982Yokohama
10%
6 886 253Wuhan
10%
3 115 645Pune
8%
3 073 553 Jaipur
8%
4 714 000Rangoun
7%
5 570 585Ahmedabad
6%
8 220 356Dongguan
6%
3 230 846Faisalabad
5%
4 122 084 Zhengzhou
4%
3 456 213Djeddah
4%
3 039 742Wenzhou
3%
5 391 028Shantou
3%
3 352 060Hefei
3%
4 467 852Surate
3%
5 214 230Yangon
3%
5 299 871Harbin
3%
3 002 645Incheon
3%
6 151 622Foshan
2%
4 239 854Gizeh
1%
3 178 480 Ekurhuleni
0%
3 121 275Zhongshan
0%

Distribution des résultats

Percentile par nombre de réponses

% des personnes avec chaque résultat

Votre développement - résultats

Vous n’avez pas pris ce quiz